| 000 | 00423nam a2200181Ia 4500 | ||
|---|---|---|---|
| 008 | 230524s9999 xx 000 0 und d | ||
| 020 | _a9780070965539 | ||
| 082 | _bPAN | ||
| 100 | _a"Pandey, P.C" | ||
| 245 | 0 | _aModern Machining Processes | |
| 250 | _a1 | ||
| 260 |
_aNew Delhi _bTMH _c2013 |
||
| 300 | _axvi;168 p. | ||
| 500 | _aQuantity Number: 60 | ||
| 650 | _aMechanics | ||
| 700 | _a"Shan, H.S" | ||
| 942 | _cBK | ||
| 999 |
_c52970 _d52970 |
||